000 00545nam a2200193Ia 4500
003 OSt
005 20250917101946.0
008 210210b1980 xxu||||| |||| 00| 0 eng d
040 _cAL
041 _aKannada
082 _aK894.1 NAGP
100 _aNAGAVARMA.
_9239028
_dನಾಗವರ್ಮ
245 _aPamparamayana sangraha.
_bಪಂಪರಾಮಾಯಣ ಸಂಗ್ರಹ
260 _aMaisuru
_bPrasaranga,Vishvavidyanilaya
_c1980
300 _aviii,144
690 _aKannada Poetry
_9239029
906 _aSG02518
942 _2ddc
_cSG
999 _c113563
_d113563